000 00415nam a2200169Ia 4500
008 170705s9999 xx 000 0 und d
020 _a9780590416023
245 _aStone soup /
245 _cAnn McGovern ; pictures by Winslow Pinney Pels.
260 _aNew York :
260 _bScholastic,
260 _c1968
300 _a32 pages :
300 _bcolor illustration ;
300 _c20cm.
500 _a480
999 _c336754
_d336754